Public service motivation concepts and theory: a critique (Record no. 109356)

000 -LEADER
fixed length control field 00924pab a2200169 454500
008 - FIXED-LENGTH DATA ELEMENTS--GENERAL INFORMATION
fixed length control field 180718b2015 xxu||||| |||| 00| 0 eng d
100 ## - MAIN ENTRY--PERSONAL NAME
Personal name Bozeman, Barry
245 ## - TITLE STATEMENT
Title Public service motivation concepts and theory: a critique
260 ## - PUBLICATION, DISTRIBUTION, ETC.
Date of publication, distribution, etc. 2015
300 ## - PHYSICAL DESCRIPTION
Extent p.700-710.
362 ## - DATES OF PUBLICATION AND/OR SEQUENTIAL DESIGNATION
Dates of publication and/or sequential designation Sep-Oct
520 ## - SUMMARY, ETC.
Summary, etc. With its growth in popularity, public service motivation (PSM) research has been subjected to increasing critical scrutiny, but with more focus on measurement and models than on concepts. The authors examine PSM against standard criteria for judging the strength of concepts (e.g., resonance, parsimony, differentiation, and depth). After providing a critique of PSM concepts, they conclude with suggestions for research programs that could improve the explanatory power of PSM theory. - Reproduced.
650 ## - SUBJECT ADDED ENTRY--TOPICAL TERM
Topical term or geographic name entry element Motivation
700 ## - ADDED ENTRY--PERSONAL NAME
Personal name Su, Xuhong
773 ## - HOST ITEM ENTRY
Main entry heading Public Administration Review
909 ## -
-- 109361
Holdings
Withdrawn status Lost status Damaged status Not for loan Permanent Location Current Location Date acquired Serial Enumeration / chronology Barcode Date last seen Price effective from Koha item type
        Indian Institute of Public Administration Indian Institute of Public Administration 2018-07-19 Volume no: 75, Issue no: 5 AR109821 2018-07-19 2018-07-19 Articles

Powered by Koha